000 00690nam a2200205 i 4500
001 42262
003 ES-MaACL
005 20230906160558.0
007 t|
008 030313s1979 sp ||||1| spa d
100 1 _aCastillo, Juan José.
_936703
245 1 0 _aPropietarios muy pobres
_b: sobre la subordinación política del pequeño campesino en España : la Confederación Nacional Católica-Agraria, 1917-1942.
260 _aMadrid :
_bMinisterio de Agricultura,
_c[1979]
300 _aXXII, 552 p. ;
_c20 cm.
490 1 _aEstudios
504 _aBibliografía: p. 491-533. Indice.
830 0 _aEstudios
_9177349
852 _aES-MaACL
_jL-11262
_bR.113047
999 _c42262
_d42262